00820nam a2200229Ia 4500008004100000020001500041040001800056041000800074100001800082245012100100260004100221300005000262490004900312500003800361500002200399650002700421650001500448650002700463650002500490700005100515765002400566130821s1973 sp a gr spa  a842670235X aCo-BoUCMbspa00aspa1 aEastham, J.K.10aEconomía en términos gráficoscJ. K. Eastham ; versión española por María del Carmen Plaza de Barreneche aBarcelona (España)bMarcomboc1973 axvi, 363 páginasbilustraciones, gráficas 0aColección "Obolo" de Ciencias Económicas aDonación Dr. Álvaro Daza Roa. aIncluye índice.04aComercio internacional04aEconomía04aGráficosxEconomía04aTeoría económica1 aPlaza de Barreneche, María del Carmenetrad.0 tGraphical Economics